Statistics for Closest Capital to Capital - Europe #1

Click here to take the quiz!

General Stats

  • This quiz has been taken 15 times
  • The average score is 9 of 10

Answer Stats

HintAnswer% Correct
LondonDublin
100%
LisbonMadrid
100%
LuxembourgBrussels
93%
CopenhagenStockholm
93%
MoscowMinsk
86%
LjubljanaZagreb
86%
BerlinPrague
79%
RigaVilnius
79%
ViennaBratislava
71%
PodgoricaTirana
71%

Score Distribution

Percentile by Number Answered

Percent of People with Each Score

Your Score History

You have not taken this quiz